Francúzske skratky

Enregistré dans:
Détails bibliographiques
Auteur principal: Bartoš, Jozef
Format: Livre
Langue:slovaque
Publié: Bratislava Slov. ped. nakl. 1987
Édition:1. vyd.
Tags: Ajouter un tag
Pas de tags, Soyez le premier à ajouter un tag!

MARC

LEADER 00000nam a2200000 4500
001 c024281
005 20221219094521.7
041 0 |a slo 
044 |a SK 
245 1 0 |a Francúzske skratky  |c Jozef Bartoš 
250 |a 1. vyd. 
264 1 |a Bratislava  |b Slov. ped. nakl.  |c 1987 
300 |a 175 s. 
100 1 |a Bartoš, Jozef